LDR 00772naa#a2200181#i#450# 001 EN\\bibl\126827 005 20260701220201.3 011 ## _a1815-588X 100 ## _a20260630b2026####ek#y0engy0150####ca 102 ## _aRU 200 1# _aDigitalization of Environmental Monitoring in Construction Production Based on the Construction Conveyor Technology _eJournal article 210 1# _aSaint-Petersburg _cFSBEI HE "Emperor Alexander I St. Petersburg State Transport University" _d2026 215 ## _a11 с. 608 ## _aJournal article _2local 675 ## _aИсследование поведения объекта на основе его математической модели. 004.942 _z 700 #1 _aIslamov _gKamil' Faritovich 700 #1 _aKazanskaya _gLiliya Faatovna 856 4# _aatjournal.ru _u